| 000 | 00334nam a2200109Ia 4500 | ||
|---|---|---|---|
| 008 | 200302s9999 xx 000 0 und d | ||
| 100 | _aJulious Panero and Others | ||
| 245 | _aHuman Dimension and Interior Space A Source book of design reference standards | ||
| 260 | _bWhatson-Guptill Publicatrions | ||
| 260 | _c1979 | ||
| 300 | _a320 P., | ||
| 999 |
_c4012 _d4012 |
||